Loading...
| Science - Biology | 0 | 8 | 0 | 2 | 80 | 22 | 62.38 | 1 | 6 | 35.19 | 56.33 |
| Fine Arts - Painting and Sculpture | 0 | 5 | 0 | 0 | 50 | 75 | 93.40 | 0 | 2 | 11.78 | 25.67 |
| Fine Arts - Other | 0 | 4 | 0 | 0 | 40 | 102 | 119.50 | 0 | 0 | 3.56 | 19.33 |
| Science - Chemistry | 0 | 4 | 0 | 1 | 40 | 11 | 84.50 | 1 | 2 | 8.99 | 19.33 |
| Fine Arts - Classical Music | 0 | 4 | 2 | 1 | 30 | 73 | 104.75 | 0 | 1 | 8.04 | 20.17 |
| Literature - British | 0 | 3 | 0 | 0 | 30 | 108 | 114.33 | 0 | 1 | 5.35 | 9.33 |
| Literature - European | 0 | 3 | 0 | 0 | 30 | 137 | 143.00 | 0 | 0 | 0.00 | 4.00 |
| Mythology | 0 | 2 | 0 | 1 | 20 | 102 | 110.00 | 0 | 0 | 3.74 | 8.00 |
| Literature - American | 0 | 2 | 0 | 1 | 20 | 135 | 143.00 | 0 | 0 | 0.07 | 3.00 |
| Current Events | 0 | 1 | 0 | 1 | 10 | 105 | 105.00 | 0 | 0 | 6.20 | 11.11 |
| Other Academic | 0 | 1 | 0 | 1 | 10 | 116 | 116.00 | 0 | 0 | 0.43 | 20.00 |
| Philosophy | 0 | 1 | 0 | 0 | 10 | 95 | 95.00 | 0 | 0 | 2.52 | 5.00 |
| Religion | 0 | 1 | 0 | 1 | 10 | 111 | 111.00 | 0 | 0 | 0.35 | 0.83 |
| Science - Physics | 0 | 0 | 0 | 0 | 0 | 0.00 | 0 | 0 | 0.00 | 0.00 | |
| Science - Other | 0 | 0 | 1 | 0 | -5 | 0.00 | 0 | 0 | 0.00 | 0.00 |